Movies Quiz

Random Movies or Animation Quiz
Score 0/20 Timer 05:00
0 Plays Today
% Correct
Yogi Bear
93.9%
Who Framed Roger Rabbit
92.6%
Garfield
91.6%
The Smurfs
90%
Scooby-Doo
88.9%
Alvin and the Chipmunks
87.7%
Mary Poppins
86.1%
Stuart Little
83.3%
Paddington
83.1%
Casper
81.1%
% Correct
Pete's Dragon
80%
The Adventures of
Rocky and Bullwinkle
79.4%
James and the Giant Peach
75.6%
Hop
69.1%
Bedknobs And Broomsticks
65.4%
Osmosis Jones
62.2%
Enchanted
60.3%
Monkeybone
55.4%
Cool World
54.1%
Anchors Aweigh
47.5%
Remove Ads.
Support Sporcle.
Get the best of Sporcle when you Go Orange. This ad-free experience offers more features, more stats, and more fun while also helping to support Sporcle. Thank you for becoming a member.

You're not logged in!

Compare scores with friends on all Sporcle quizzes.
OR
Log In

Sporcle TV

Today on Sporcle TV


Watch our educational content, quiz creation guides, and fun videos on Sporcle TV.

Show Comments

Extras

Top Quizzes Today


Score Distribution

Paid Content

Your Account Isn't Verified!

In order to create a playlist on Sporcle, you need to verify the email address you used during registration. Go to your Sporcle Settings to finish the process.

Report this User

Report this user for behavior that violates our Community Guidelines.

Details: